| 000 | 00438nam a2200157Ia 4500 | ||
|---|---|---|---|
| 008 | 210716s2005 xx 000 0 und d | ||
| 020 | _a9812531599 | ||
| 041 | _aeng | ||
| 082 | _a332.12 GUPB | ||
| 100 | _aGup, Benton E;Kolari, James W. | ||
| 245 |
_aCommercial banking: the management of risk. _bManagement of risk. |
||
| 250 | _a3 | ||
| 260 |
_aNew Delhi _bJohn Wiley & sons _c2005 |
||
| 300 | _axxviii,548/2016 | ||
| 650 | _aBanking | ||
| 999 |
_c209922 _d209922 |
||